000 00799nms a22002417a 4500
003 NALT
005 20250814140646.0
006 a|||||o|||| 00| 0
007 c| aa aaaaa
008 220114b th ||||| |||| 00| 0 tha d
040 _aNALT
041 _atha
245 0 0 _aรัฐศาสตร์พิจาร
246 3 1 _aPolitical Science Critique
260 _aคณะรัฐศาสตร์ มหาวิทยาลัยรามคําแหง
310 _aรายหกเดือน
500 _aวารสารอิเล็กทรอนิกส์
650 4 _aรัฐศาสตร์
_926593
850 _aNALT
856 4 0 _uhttps://so01.tci-thaijo.org/index.php/PSC/issue/archive
942 _cEJN
996 _ajintana.i
_bSERSTF
_c2025-08-14
999 _c98867
_d98867
998 _j755
_k นางจินตนา เอี่ยมคง